Statistiken für Alle Bahnhöfe im Bundesland Sachsen (TEIL 1)

Klicken Sie hier um das Quiz zu spielen!

Allgemein

  • Dieses Quiz wurde 18 mal gespielt
    (4 seit der letzten Aktualisierung)
  • Das Durchschnittsergebnis liegt bei 19 aus 450

Antwortstatistiken

VerkehrsverbundBahnhof% Korrekt
VMSFlöha-Plaue
100%
VMSChemnitz Hauptbahnhof
67%
VMSChemnitz Hauptbahnhof/Bahnhofstraße
67%
VMSAdorf (Erzgeb)
33%
VVVAdorf (Vogtl)
33%
VMSAue Erzgebirgsstadion
33%
VMSAue (Sachs)
33%
ZVONBautzen
33%
VMSChemnitz-Hilbersdorf
33%
VMSChemnitz Mitte
33%
VMSChemnitz-Schönau
33%
VMSChemnitz-Siegmar
33%
VMSChemnitz Süd
33%
VVOCossebaude
33%
VVOCoswig (b Dresden)
33%
VMSDöbeln Hauptbahnhof
33%
VVODresden-Dobritz
33%
VVODresden-Friedrichstadt
33%
VVODresden-Kemnitz
33%
VVODresden-Klotzsche
33%
VVODresden-Niedersedlitz
33%
VVODresden-Plauen
33%
VVODresden-Stetzsch
33%
VMSFreiberg (Sachs)
33%
VMSGlauchau (Sachs)
33%
VMSGlauchau-Schönbörnchen
33%
ZVONGörlitz
33%
VMSGrüna (Sachs)
33%
VMSHohenstein-Ernstthal
33%
VVVHundsgrün
33%
VMSJohanngeorgenstadt
33%
VVOKamenz (Sachs)
33%
VVOKönigsbrück
33%
VMSMitteloelsnitz
33%
VMSMosel
33%
VMSNeuoelsnitz
33%
VVONiederwartha
33%
ZVONNiesky
33%
VMSOberrothenbach
33%
VMSOelsnitz (Erzgeb)
33%
VVVOelsnitz (Vogtl)
33%
VVOPirna
33%
VVVPlauen (Vogtl) Mitte
33%
VVVPlauen (Vogtl)-Straßberg
33%
VVVPlauen (Vogtl) West
33%
VVOPulsnitz
33%
VMSSankt Egidien
33%
VVOTharandt
33%
VVVWeischlitz
33%
ZVONWeißwasser (Oberlausitz)
33%
VMSWüstenbrand
33%
VMSZwickau (Sachs) Hauptbahnhof
33%
VMSZwickau-Schedewitz
33%
VMSAltmittweida
0%
VVOAmthainersdorf
0%
VMSAnnaberg-Buchholz Mitte
0%
VMSAnnaberg-Buchholz Süd
0%
VMSAnnaberg-Buchholz unterer Bahnhof
0%
VMSAntonsthal
0%
VVOArnsdorf (b Dresden)
0%
VVVAuerbach (Vogtl) Haltepunkt
0%
VVVAuerbach (Vogtl) oberer Bahnhof
0%
VVVAuerbach (Vogtl) unterer Bahnhof
0%
VMSAugustusburg
0%
VVVBad Brambach
0%
VVVBad Elster
0%
VVOBad Schandau
0%
VMSBad Schlema
0%
VVOBärenhecke-Johnsbach
0%
VVOBärenstein
0%
VVOBärnsdorf
0%
VVVBarthmühle
0%
VVOBerbisdorf
0%
VVOBerbisdorf Anbau
0%
VMSBerthelsdorf (Erzgeb)
0%
VMSBerthelsdorf (Erzgeb) Ort
0%
ZVONBertsdorf
0%
VMSBienenmühle
0%
VVOBischheim-Gersdorf
0%
ZVONBischofswerda
0%
VMSBlumenau
0%
VMSBraunsdorf-Lichtenwalde
0%
VMSBreitenbrunn
0%
ZVONBreitendorf
0%
VMSBurgstädt
0%
VVOBurkhardswalde-Maxen
0%
VMSBurkhardtsdorf
0%
VMSBurkhardtsdorf Mitte
0%
VVOBuschmühle
0%
VMSCainsdorf
0%
VMSChemnitz-Altchemnitz
0%
VMSChemnitz Alt-Chemnitz-Center
0%
VMSChemnitz Annenstraße
0%
VMSChemnitz Bernsbachplatz
0%
VMSChemnitz-Borna
0%
VMSChemnitz Erdmannsdorfer Straße
0%
VMSChemnitz-Erfenschlag Mitte
0%
VMSChemnitz-Erfenschlag Ost
0%
VMSChemnitz Friedrichstraße
0%
VMSChemnitz Gustav-Freytag-Straße
0%
VMSChemnitz-Harthau
0%
VMSChemnitz Kinderwaldstätte
0%
VMSChemnitz-Klaffenbach Haltepunkt
0%
VMSChemnitz-Küchwald
0%
VMSChemnitz-Moritzhof
0%
VMSChemnitz Omnibusbahnhof
0%
VMSChemnitz-Reichenhain
0%
VMSChemnitz Riemenschneiderstraße
0%
VMSChemnitz Rosenbergstraße
0%
VMSChemnitz Rößlerstraße
0%
VMSChemnitz Roter Turm
0%
VMSChemnitz Scheffelstraße
0%
VMSChemnitz Schneeberger Straße
0%
VMSChemnitz Schule Altchemnitz
0%
VMSChemnitz Stadlerplatz
0%
VMSChemnitz Technopark
0%
VMSChemnitz Theaterplatz
0%
VMSChemnitz Treffurthstraße
0%
VMSChemnitz TU Campus
0%
VMSChemnitz Uhlestraße
0%
VMSChemnitz Zentralhaltestelle
0%
VMSClausnitz
0%
VMSCranzahl
0%
VMSCrimmitschau
0%
VVOCunnertswalde
0%
ZVONDemitz-Thumitz
0%
VVODippoldiswalde
0%
VMSDittersbach
0%
VMSDittersdorf
0%
VVODohna
0%
VMSDorfchemnitz
0%
VVODresden Bischofsplatz
0%
VVODresden-Cotta
0%
VVODresden Flughafen
0%
VVODresden Freiberger Straße
0%
VVODresden Grenzstraße
0%
VVODresden Hauptbahnhof
0%
VVODresden Industriegelände
0%
VVODresden Mitte
0%
VVODresden-Neustadt
0%
VVODresden-Pieschen
0%
VVODresden-Reick
0%
VVODresden-Strehlen
0%
VVODresden-Trachau
0%
VVODresden-Zschachwitz
0%
VVODürrröhrsdorf
0%
ZVONEbersbach (Sachs)
0%
VMSEbersbrunn
0%
VVOEdle Krone
0%
ZVONEibau
0%
VMSEinsiedel
0%
VMSEinsiedel August-Bebel-Platz
0%
VMSEinsiedel Brauerei
0%
VMSEinsiedel Gymnasium
0%
VVVEllefeld
0%
VVVElsterberg
0%
VVVElsterberg-Kunstseidenwerk
0%
VMSErdmannsdorf-Augustusburg
0%
VMSErla
0%
VMSErlabrunn
0%
VMSErlau (Sachs)
0%
VMSFährbrücke
0%
VMSFalkenau (Sachs)
0%
VMSFalkenau (Sachs) Süd
0%
VVVFalkenstein (Vogtl)
0%
VMSFlöha
0%
VMSFloßmühle
0%
VMSFrankenberg (Sachs)
0%
VMSFrankenberg (Sachs) Süd
0%
VMSFrankenstein (Sachs)
0%
VVOFrauenhain
0%
VVOFreital-Coßmannsdorf
0%
VVOFreital-Deuben
0%
VVOFreital-Hainsberg
0%
VVOFreital-Hainsberg West
0%
VVOFreital-Potschappel
0%
VVOFriedewald Bad
0%
VVOFriedewald Haltepunkt
0%
VVOGeising
0%
ZVONGersdorf (b Görlitz)
0%
VVOGlashütte
0%
VVOGlaubitz
0%
ZVONGörlitz-Rauschwalde
0%
ZVONGörlitz-Weinhübel
0%
VVOGoßdorf-Kohlmühle
0%
VVVGrobau
0%
VVOGröditz
0%
VVOGroßenhain Cottbusser Bahnhof
0%
ZVONGroßharthau
0%
VVOGroßröhrsdorf
0%
ZVONGroßschönau (Sachs)
0%
VVVGrünbach (Vogtl)
0%
VMSGrünhainichen-Borstendorf
0%
VVVGutenfürst
0%
ZVONHagenwerder
0%
VMSHähnichen
0%
ZVONHainewalde
0%
VMSHainichen
0%
VMSHammerunterwiesenthal
0%
VMSHartenstein
0%
VVOHartmannmühle
0%
VVOHeidenau
0%
VVOHeidenau-Großsedlitz
0%
VVOHeidenau Süd
0%
VVOHelmsdorf
0%
VMSHennersdorf (Sachs)
0%
VVVHerlasgrün
0%
VVOHermsdorf
0%
VMSHetzdorf (Flöhatal)
0%
ZVONHirschfelde
0%
VMSHohenfichte
0%
VMSHohndorf Mitte
0%
VMSHolzhau
0%
VMSHolzhau Skilift
0%
ZVONHorka
0%
VVOHoyerswerda
0%
VVOHoyerswerda-Neustadt
0%
VVVIrfersgrün
0%
VMSJahnsdorf (Erzgeb)
0%
VVVJocketa
0%
VVVJößnitz
0%
VMSKemtau
0%
VVOKleinröhrsdorf
0%
VMSKleinschirma
0%
VVOKlingenberg-Colmnitz
0%
VVVKlingenthal
0%
ZVONKlitten
0%
VMSKlosterbuch
0%
ZVONKodersdorf
0%
VVOKönigstein
0%
VVOKöttewitz
0%
VMSKretscham-Rothensehma
0%
VVOKrippen
0%
VVOKrumhermsdorf
0%
ZVONKubschütz
0%
VVVKürbitz
0%
VVOKurort Altenberg (Erzgeb)
0%
ZVONKurort Jonsdorf
0%
ZVONKurort Jonsdorf Haltepunkt
0%
VVOKurort Kipsdorf
0%
VMSKurort Oberwiesenthal
0%
ZVONKurort Oybin
0%
ZVONKurort Oybin Niederdorf
0%
VVOKurort Rathen
0%
VVOLampertswalde
0%
VVOLangebrück
0%
VVOLangenwolmsdorf
0%
VVOLangenwolmsdorf Mitte
0%
VVOLauenstein
0%
VVOLaußnitz
0%
VVOLauta
0%
VMSLauter
0%
VMSLeisnig
0%
VMSLengefeld-Rauenstein
0%
VVVLengenfeld (Vogtl)
0%
VMSLeubsdorf (Sachs)
0%
VMSLichtenberg (Erzgeb)
0%
VMSLichtenstein Ernst-Schneller-Siedlung
0%
VMSLichtenstein Gewerbegebiet
0%
VMSLichtenstein Hartensteiner Straße
0%
VMSLichtenstein (Sachs)
0%
VMSLichtentanne
0%
VVVLimbach (Vogtl)
0%
VMSLimmritz (Sachs)
0%
ZVONLöbau (Sachs)
0%
VVOLohmen
0%
VVOLohsa
0%
VVOLößnitzgrund
0%
VMSLößnitz oberer Bahnhof
0%
VMSLößnitz unterer Bahnhof
0%
VVOMalter
0%
VMSMeerane
0%
VVVMehltheuer
0%
VMSMeinersdorf (Erzgeb)
0%
VVOMeißen
0%
VVOMeißen Altstadt
0%
VVOMeißen-Triebischtal
0%
ZVONMittelherwigsdorf
0%
VMSMittweida
0%
VVOMoritzburg
0%
ZVONMücka
0%
VVOMühlbach
0%
VMSMulda (Sachs)
0%
VVVMuldenberg Floßplatz
0%
VMSMuldenhütten
0%
VVVMylau
0%
VMS
Nassau (Erzgeb)
0%
VMSNennigmühle
0%
VVVNetzschkau
0%
VMSNeudorf
0%
ZVONNeugersdorf
0%
VMSNeukirchen-Klaffenbach
0%
ZVONNeukirch (Lausitz) Ost
0%
ZVONNeukirch (Lausitz) West
0%
VVVNeumark (Sachs)
0%
ZVONNeusalza-Spremberg
0%
VVONeusörnewitz
0%
VVONeustadt (Sachs)
0%
VVONiederau
0%
VMSNiederbobritzsch
0%
VMSNiederdorf
0%
ZVONNiederoderwitz
0%
VMSNiederschlag
0%
VVONiederschlottwitz
0%
VMSNiederwiesa
0%
VMSNiederwürschnitz
0%
VMSNiederzwönitz
0%
VVONünchritz
0%
VVOObercarsdorf
0%
VMSOberlichtenau
0%
ZVONOberoderwitz
0%
ZVONOberoderwitz Oberdorf
0%
VVOOberschlottwitz
0%
VVOObervogelgesang
0%
VMSOederan
0%
VMSOelsnitz Bahnhofstraße
0%
VMSOlbernhau
0%
VMSOlbernhau-Grünthal
0%
VMSOlbernhau West
0%
ZVONOlbersdorf Niederdorf
0%
ZVONOlbersdorf Oberdorf
0%
VMSOstrau
0%
VMSOttendorf
0%
VVOOttendorf-Okrilla Haltepunkt
0%
VVOOttendorf-Okrilla Nord
0%
VVOOttendorf-Okrilla Süd
0%
ZVONPetershain
0%
VMSPfaffenhain
0%
VVVPirk
0%
VVOPirna-Copitz
0%
VVOPirna-Copitz Nord
0%
VVVPlauen (Vogtl) oberer Bahnhof
0%
VMSPockau-Lengefeld
0%
ZVONPommritz
0%
VVOPorschdorf
0%
VVOPriestewitz
0%
VVOPulsnitz Süd
0%
ZVONPutzkau
0%
VVORabenau
0%
VVORadeberg
0%
VVORadebeul-Kötzschenbroda
0%
VVORadebeul-Naundorf
0%
VVORadebeul Ost
0%
VVORadebeul-Weintraube
0%
VVORadebeul-Zitzschewig
0%
VVORadeburg
0%
VVORathmannsdorf
0%
VVVRaun
0%
VMSRechenberg
0%
VMSRechenberg Schule
0%
ZVONReichenbach (Oberlausitz)
0%
VVVReichenbach (Vogtl) oberer Bahnhof
0%
VMSReifland-Wünschendorf
0%
VVVRentzschmühle
0%
VVVReuth (b Plauen)
0%
VVORiesa
0%
ZVONRietschen
0%
VVVRodewisch
0%
VMSRödlitz-Hohndorf
0%
VVVRuppertsgrün
0%
VMSScharfenstein
0%
ZVONSchirgiswalde-Kirschau
0%
ZVONSchleife
0%
VVOSchmiedeberg
0%
VVOSchmiedeberg-Naundorf
0%
VVOSchmilka-Hirschmühle
0%
ZVONSchmölln (Oberlausitz)
0%
VVOSchöna
0%
VVVSchönberg (Vogtl)
0%
VVVSchöneck (Vogtl)
0%
VVVSchöneck (Vogtl) Ferienpark
0%
VMSSchwaikershain
0%
VMSSchwarzenberg (Erzgeb)
0%
VMSSchwarzenberg Haltepunkt
0%
VMSSchwarzenberg Neuwelt
0%
VVOSchwarzkollm
0%
VMSSchweinsburg-Culten
0%
VVOSebnitz (Sachs)
0%
VVOSeerhausen
0%
VMSSehma
0%
VVOSeifersdorf
0%
ZVONSeifhennersdorf
0%
ZVONSeitschen
0%
VMSSilberstraße
0%
VVVSohl
0%
ZVONSohland
0%
VVOSpechtritz
0%
VVOStadt Wehlen
0%
VVOStauchitz
0%
VMSSteina
0%
VMSSteinpleis
0%
VMSStenn
0%
VMSStollberg (Sachs)
0%
VMSStollberg Schlachthofstraße
0%
VVOStolpen
0%
VVVSyrau
0%
ZVONTaubenheim (Spree)
0%
ZVONTeufelsmühle
0%
VMSThalheim (Erzgeb)
0%
VMSThalheim Mitte
0%
VMSThermalbad Wiesenbad
0%
VVOTiefenau
0%
VVVTreuen
0%
ZVONUhsmannsdorf
0%
VVO/ZVONUhyst (Spree)
0%
VVOUlberndorf
0%
VVOUlbersdorf
0%
VMSUnterneudorf
0%
VMSUnterwiesenthal
0%
VMSVierenstraße
0%
VMSVoigtsgrün
0%
VMSWaldheim
0%
VMSWaldkirchen (Erzgeb)
0%
VMSWarmbad
0%
VVOWeesenstein
0%
ZVONWeickersdorf
0%
VVOWeinböhla Haltepunkt
0%
VVOWeißes Roß
0%
VVOWeixdorf
0%
VVOWeixdorf Bad
0%
VMSWerdau
0%
VMSWerdau Nord
0%
VMSWestewitz-Hochweitzschen
0%
VMSWiesa (Erzgeb)
0%
VMSWiesenburg (Sachs)
0%
VMSWilischthal
0%
VMSWilkau-Haßlau
0%
ZVONWilthen
0%
VMSWittgensdorf Mitte
0%
VMSWittgensdorf oberer Bahnhof
0%
VMSWitzschdorf
0%
VMSWolkenstein
0%
VVOWülknitz
0%
VVOZabeltitz
0%
VVOZeithain
0%
ZVONZittau
0%
ZVONZittau Haltepunkt
0%
ZVONZittau Süd
0%
ZVONZittau Vorstadt
0%
ZVONZoblitz
0%
VMSZschaitz
0%
VMSZschopau
0%
VMSZschopau Ost
0%
VMSZwickau-Pölbitz
0%
VMSZwickau Stadthalle
0%
VMSZwickau Zentrum
0%
VMSZwönitz
0%
VVVZwota
0%
VVVZwota-Zechenbach
0%
VVVZwotental
0%

Verteilung der Resultate

Perzentil nach korrekt beantworteten Fragen

Anzahl Personen mit jedem Resultat

Ihre Resultats-Entwicklung

Sie haben dieses Quiz seit der letzten Aktualisierung nicht gespielt